Meilleur scoreur sur un match par franchise NBA depuis 2000 - Statistiques

Statistiques générales
  • Ce quiz a été pris 153 fois
  • Le résultat moyen est 17 sur 30
Statistiques - réponses
Franchise Points Joueur % Correct
Los Angeles Lakers 81 Kobe Bryant
98%
Golden State Warriors 62 Stephen Curry
95%
Dallas Mavericks 73 Luka Doncic
94%
Portland Trail Blazzers 71 Damian Lillard
89%
Philadephie 76ers 70 Joel Embiid
88%
Phoenix Suns 70 Devin Booker
87%
Milwaukee Bucks 64 Giannis Antetokounmpo
85%
Miami Heat 61 LeBron James
85%
Cleveland Cavaliers 71 Donovan Mitchell
82%
Houston Rockets 61 James Harden
82%
Minnesota Timberwolves 62 Karl-Anthony Towns
71%
Atlanta Hawks 56 Trae Young
65%
Washington Wizards 60 Bradley Beal
60%
New York Knicks 62 Carmelo Anthony
60%
Boston Celtics 60 Jayson Tatum
60%
Oklahoma City Thunder 58 Russell Westbrook
60%
Brooklyn Nets 60 Kyrie Irving
58%
Sacramento Kings 60 De'Aaron Fox
57%
New Orleans Pelicans 59 Anthony Davis
56%
Memphis Grizzlies 52 Ja Morant
55%
Charlotte Hornets 60 Kemba Walker
50%
Orlando Magic 62 Tracy McGrady
36%
Toronto Raptors 54 Fred VanVleet
19%
Chicago Bulls 53 Jimmy Butler
19%
Denver Nuggets 51 Allen Iverson
18%
San Antonio Spurs 56 LaMarcus Aldridge
17%
Utah Jazz 49 Lauri Markkanen
14%
Indiana Pacers 55 Jermaine O'Neal
4%
Detroit Pistons 57 Jerry Stackhouse
2%
Los Angeles Clippers 50 Louis Williams
2%
Aucun quiz correspondant
Distribution des résultats
% des personnes avec chaque résultat
Percentile par nombre de réponses
Votre historique - résultats
Vous n’avez pas pris ce quiz